000
00200nam a2200085Ia 4500
008
120527s9999 xx 000 0 und d
100
_a
ROBERTS and ROSEN
245
_a
International Reations
942
_c
BK
999
_c
25453
_d
25453